Trade and globalization (Record no. 415869)

000 -LEADER
fixed length control field 00451cam a22001577a 4500
008 - FIXED-LENGTH DATA ELEMENTS--GENERAL INFORMATION
fixed length control field 180718b2008 xxu||||| |||| 00| 0 eng d
020 ## - INTERNATIONAL STANDARD BOOK NUMBER
International Standard Book Number 0195686756
082 ## - DEWEY DECIMAL CLASSIFICATION NUMBER
Classification number T39x54 N232t
100 ## - MAIN ENTRY--PERSONAL NAME
Personal name Nayyar, Deepak
245 ## - TITLE STATEMENT
Title Trade and globalization
Statement of responsibility, etc. by Deepak Nayyar
260 ## - PUBLICATION, DISTRIBUTION, ETC.
Place of publication, distribution, etc. New Delhi
Name of publisher, distributor, etc. Oxford University Press
Date of publication, distribution, etc. 2008
300 ## - PHYSICAL DESCRIPTION
Extent 457p.
650 ## - SUBJECT ADDED ENTRY--TOPICAL TERM
Topical term or geographic name entry element Globalisation --Economic aspects
650 ## - SUBJECT ADDED ENTRY--TOPICAL TERM
Topical term or geographic name entry element India --Commerce
650 ## - SUBJECT ADDED ENTRY--TOPICAL TERM
Topical term or geographic name entry element International trade
Holdings
Withdrawn status Lost status Damaged status Not for loan Permanent Location Current Location Date acquired Full call number Barcode Date last seen Price effective from Koha item type
        Indian Institute of Public Administration Indian Institute of Public Administration 2009-03-17 T39x54 N232t 83069 2018-07-21 2018-07-21 Book

Powered by Koha